Memorias. La princesa de los ursinos /

Guardado en:
Autor Principal: Saint-Simon.
Formato: Libro
Idioma:Spanish
Publicado: Buenos Aires : Hyspamerica, 1984.
Edición:1a ed.
Series:Historia Universal de la Literatura ; 82
Materias:
Etiquetas: Agregar Etiqueta
Sin Etiquetas, Sea el primero en etiquetar este registro!
LEADER 00563nam a22001815a 4500
001 CEM.cems024472
008 250206s1984####ag############000#0#spa#d
005 20250206170521.0
245 1 0 |a Memorias. La princesa de los ursinos /  |c Duque de Saint-Simon. 
250 |a 1a ed. 
260 |a Buenos Aires :  |b Hyspamerica,  |c 1984. 
300 |a 334 p. 
490 1 |a Historia Universal de la Literatura ;  |v 82 
020 |a 9506142521 
100 1 |a Saint-Simon. 
653 |a Miscelánea francesa 
653 |a Miscelánea 
859 |a CEMS  |b BIB. CEMS - 11 de abril  |h 848  |i Sa25  |p 29732.24  |t Ej.1